• 首页
  • 本馆介绍
  • 公告通知
  • 最新文献
  • 馆藏检索
  • 电子资源
  • 读者导购
  • 参考咨询
  • 我的图书馆
  • 登录
  • 详细信息显示
  • 放入我的书架
  • 预约/预借图书
  • 作者相关作品
  • 分类相关作品
  • 丛书相关作品
  • 出版社相关作品

书目信息

  • 表格格式
  • 工作单格式
  • 卡片格式
题名:
北非史
    
 
作者: 朱利安 著 ;上海新闻出版系统五七干校翻译组 译
分册: 第二卷   从阿拉伯人征服至1830年
出版信息: 上海   上海人民出版社  1974.04
页数: 380页
开本: 20cm
丛书名:
单 册:
中图分类: K41
科图分类:
主题词: 北非--历史
电子资源:
ISBN:
000 01049nam0 2200265 45
001 0212171486
005 20031219104102.3
010    @dCNY2.30
091    @a11171.41
100    @a20021217d1974 km y0chiy0120 ea
101 0  @achi
105    @a z 001yy
200 1  @a北非史@ABei Fei Shi@e突尼斯、阿尔及尼亚、摩洛哥@ETu Ni Si、A Er Ji Ni Ya、Mo Luo Ge@h第二卷@h上册@i从阿拉伯人征服至1830年@f(法)夏尔—安德烈·朱利安著@F(Fa)Xia Er—An De Lie·Zhu Li An Zhu@g上海新闻出版系统五七干校翻译组译
210    @a上海@c上海人民出版社@d1974.04
215    @a380页@d20cm
300    @a内部读物
300    @a本书根据苏联外国书籍出版社1961年俄文译本译出
517    @a突尼斯、阿尔及尼亚、摩洛哥@ATu Ni Si、A Er Ji Ni Ya、Mo Luo Ge
517    @a从阿拉伯人征服至1830年@ACong A La Bo Ren Zheng Fu Zhi 1830 Nian
606 0  @a北非@x历史
690    @aK41@v3
701  0 @a朱利安@4著
712 02 @a上海新闻出版系统五七干校翻译组@AShang Hai Xin Wen Chu Ban Xi Tong Wu Qi Gan Xiao Fan Yi Zu@4译
801    @aCN@bTSTC@c20021217
905    @f1@b219170@dK41@e2:2(1)
    
    北非史:突尼斯、阿尔及尼亚、摩洛哥.第二卷.上册.从阿拉伯人征服至1830年/(法)夏尔—安德烈·朱利安著/上海新闻出版系统五七干校翻译组译.-上海:上海人民出版社,1974.04
    380页;20cm
    内部读物.-本书根据苏联外国书籍出版社1961年俄文译本译出
    
    ISBN :CNY2.30
    
●
相关链接 在E读中查询图书 在五车中查询图书 在当当中查询图书 在豆瓣中查询图书


正题名:北非史     索取号:K41/2:2(1)         预约/预借

序号 登录号 条形码 馆藏地/架位号 状态 备注
1 0219170   001737071   第二样本阅览室/ [索取号:K41/2:2(1)] 在馆    
唐山师范学院图书馆 欢迎您!
大连网信软件有限公司© 版权所有